Occurrence of Pseudocercospora heveae on rubber tree leaves (Record no. 64307)

MARC details
000 -LEADER
fixed length control field 00494nam a2200181Ia 4500
100 ## - MAIN ENTRY--AUTHOR NAME
Personal name Stradioto
245 #0 - TITLE STATEMENT
Title Occurrence of Pseudocercospora heveae on rubber tree leaves
260 ## - PUBLICATION, DISTRIBUTION, ETC. (IMPRINT)
Name of publisher Summa Phytopathologica
Year of publication 1992
300 ## - PHYSICAL DESCRIPTION
Number of Pages 283-286
500 ## - GENERAL NOTE
General note Source Year: 1993
650 ## - SUBJECT ADDED ENTRY--TOPICAL TERM
Topical Term Fungal diseases
650 ## - SUBJECT ADDED ENTRY--TOPICAL TERM
Topical Term Hevea brasiliensis
650 ## - SUBJECT ADDED ENTRY--TOPICAL TERM
Topical Term Pseudocercrospora heveae
700 ## - ADDED ENTRY--PERSONAL NAME
Personal name Muchovej J J
856 ## - ELECTRONIC LOCATION AND ACCESS
Uniform Resource Identifier ATA
942 ## - ADDED ENTRY ELEMENTS (KOHA)
Koha item type Journals
100 ## - MAIN ENTRY--AUTHOR NAME
-- M F
Holdings
Withdrawn status Lost status Damaged status Not for loan Home library Current library Shelving location Date acquired Serial Enumeration / chronology Koha item type
      Journals RRII Library RRII Library Pathology 17/12/2021 Volume 18, Issue 04-Mar Journals